000 00459nam a2200145 i 4500
001 98223
003 ES-MaACL
007 t|
008 050727s1909 xxk ||||1| fre d
100 1 _aMarriage, Margaret.
_977077
245 1 4 _aLes sculptures de la cathédrale de Chartres /
_ctexte français et anglais by Margaret and Ernest Marriage.
260 _aCambridge :
_bJohn Clay,
_c1909.
300 _aXV, 210 p. con lám. ;
_c24 cm.
852 _aES-MaACL
_jB-528
999 _c98223
_d98223